World Leaders by Letter - J - Statistics

General Stats
  • This quiz has been taken 85 times
  • The average score is 11 of 20
Answer Stats
Years Country Position Hint World Leader % Correct
2021– President Was Obama's VP Joe Biden
100%
2015– Prime Minister His father was named "Pierre" Justin Trudeau
95%
1961–1963 President Lee Harvey Oswald's victim John F. Kennedy
89%
1977–1981 President Farmed peanuts prior to politics Jimmy Carter
84%
1978–2005 Bishop of Rome Sinéad O'Connor ripped his picture John Paul II
81%
1946–1955, 1973–1974 President Husband of Evita Juan Perón
77%
1922–1952 General Secretary His last name means "Man of Steel" Joseph Stalin
72%
2019– President Praises Brazil's military dictatorship era Jair Bolsonaro
68%
1995–2007 President Second-longest serving French president Jacques Chirac
61%
1990–1997 Prime Minister Came between Thatcher and Blair John Major
61%
2017– Prime Minister Leader of the New Zealand Labour Party Jacinda Ardern
51%
1953–1980 President Leader of the Partisans during WWII Josip Broz Tito
51%
1950–1964 Prime Minister Commonly known as Pandit Jawaharlal Nehru
50%
2009–2018 President Is a self-proclaimed polygamist Jacob Zuma
45%
2010–2013 Prime Minister Only female prime minister of Australia Julia Gillard
45%
1964–1978 President Father of the Nation Jomo Kenyatta
32%
2014– President Mayor of Surakarta, 2005–2012 Joko Widodo
24%
1992–2002 Paramount Leader Introduced the socialist market economy Jiang Zemin
19%
1964–1985 President Father of the Nation Julius Nyerere
15%
1979–2017 President Second-longest serving president in the history of Africa José Eduardo dos Santos
14%
No matching quizzes found
Score Distribution
Percent of People with Each Score
Percentile by Number Answered
Your Score History
You have not taken this quiz